000 00321nam a2200121Ia 4500
008 240731s9999 xx 000 0 und d
022 _a1469-9974
245 0 _aPacifica Review: Peace, Security & Global Change
260 _bRoutledge
856 _uhttps://www.tandfonline.com/loi/cpar19
942 _2ddc
942 _cTFEJ
999 _c78848
_d78848
945 _a1
_bMadushi Gamage
_c1
_dMadushi Gamage